| 000 | 00461nam a2200181Ia 4500 | ||
|---|---|---|---|
| 001 | 19949 | ||
| 005 | 20260306172730.0 | ||
| 008 | 260306t2000||||xx |||||||||||||| ||spa|| | ||
| 041 | _aESP | ||
| 082 |
_a341.7 _bP45 |
||
| 100 |
_aPérez de Cuéllar, Javier _eAUT |
||
| 245 | 0 |
_aPeregrinaje por la paz: _bMemorias de un secretario general |
|
| 260 | _c2000 | ||
| 300 |
_a615 páginas : _c24 cm |
||
| 650 | _aGEN | ||
| 654 | _aCDE | ||
| 942 |
_cLIB _dJUS _fJUS _2ddc _n |
||
| 999 |
_c19949 _d19949 |
||